|
|
|
|
| LEADER |
01090naa#a2200325#ar4500 |
| 001 |
000096551 |
| 003 |
SVKKK |
| 005 |
20090708141846.0 |
| 008 |
090708c2006 xo #|0||||||||0|||b|slo |
| FMT |
|
|
|
| 015 |
|
|
|a SNBRA2009/07
|
| 038 |
|
|
|a SVKKK
|
| 040 |
|
|
|a SVKKK
|b slo
|e AACR2
|
| 041 |
0 |
|
|a slo
|
| 044 |
|
|
|a xo
|c SK
|
| 080 |
|
|
|a 364.465-056.262
|2 1997
|
| 080 |
|
|
|a 347.471
|x (437.6)
|2 1997
|
| 080 |
|
|
|a 376.352
|2 1997
|
| 090 |
|
|
|a III.210635
|
| 245 |
1 |
0 |
|a Únia nevidiacich a slabozrakých Slovenska
|
| 610 |
2 |
4 |
|a Únia nevidiacich a slabozrakých Slovenska (Bratislava, Slovensko)
|x poslanie
|x činnosť
|
| 650 |
0 |
4 |
|a zrakovo postihnutí
|x sociálna starostlivosť
|x vzdelávanie
|
| 773 |
0 |
|
|t Rovnaké príležitosti pre vzdelávanie detí so zrakovým postihnutím (Model podpory integrovaného vzdelávania v základných školách) : zborník z medzinárodnej konferencie organizovanej v rámci projektu Matra
|d Levoča : Polypress, 2006
|g S. 99-100
|z 9788088704652
|
| 958 |
|
|
|a SK
|
| 974 |
|
|
|a Ma
|
| 992 |
|
|
|a RZB
|
| BAS |
|
|
|
| 852 |
|
|
|a SVKKK
|b BIB
|
| EXP |
|
|
|
| 998 |
|
|
|a SLO
|